Statistics for Pittsburgh Pirates All-time home run hitters

Click here to take the quiz!

General Stats

  • This quiz has been taken 202 times
  • The average score is 6 of 10

Answer Stats

Home RunsPlayer% Correct
475Willie Stargell
90%
240Roberto Clemente
89%
176Barry Bonds
76%
189Andrew McCutchen
65%
301Ralph Kiner
63%
166Dave Parker
59%
138Bill Mazeroski
42%
139Jason Bay
37%
165Brian Giles
36%
163Frank Thomas
13%

Score Distribution

Percentile by Number Answered

Percent of People with Each Score

Your Score History

You have not taken this quiz